00938pam a2200289 a 4500999001500000001000900015003000600024005001700030008004100047010001300088020001700101040001800118043001200136082001700148092001800165100001600183245007600199250001100275260004900286300002600335504002900361630004200390650004600432651003600478942001200514952012200526 c6728d672817841226OCoLC20190119152126.0880408s1988 tnu b 000 0 eng  a88014207 a0943497159 : aDLCcDLCdCDC an-us--- a261.8bW238B a261.83bW238B1 aWalton, Rus10aBiblical solutions to contemporary problems :ba handbook /cRus Walton a1st ed aBrentwood, Tenn. :bWolgemuth & Hyatt,c1988 aviii, 374 p. ;c23 cm aBibliography: p. 371-37400aBiblexCriticism, interpretation, etc 0aChurch and social problemszUnited States 0aUnited StatesxMoral conditions 2ddccBK 00102ddc40708NFICaHMCbHMCcGENd2019-01-19g800.00l0o261.8 W238Bp007980r2019-01-19 00:00:00w2019-01-19yBK